01127nam a22002535a 4500999001700000003000900017005001700026008004100043017001700084040003800101082002500139245013400164260010400298300003500402490006500437541003300502650003800535650004800573651001000621653001900631700006100650942000800711952015400719 c27547d27518EG-ScBUE20190619102955.0190619s2017 ua grb 000 0 ara d a2015 / 25637 aEG-ScBUEbaracEG-ScBUEdEG-ScBUE04a297.29bغ ل و22202aالغلو والتطرف /cبقلم مجموعة من العلماء ؛ إشراف محيي الدين عفيفي أحمد. aالقاهرة :bالأزهر الشريف، مجمع البحوث الإسلامية،c2017. aمج. 2 (126 ص.) ؛c22 سم.0 aسلسلة مجمع البحوث الإسلامية ؛v48 aDr. Noha Gamal ;cDonation ; 7aالتطرف الديني.2BUEsh 7aالإسلامxدفع مطاعن.2BUEsh 2BUEsh bGGENcJune20191 aأحمد، محيي الدين عفيفي،eمشرف. 2ddc 00102ddc40708Donation-GaMAINbMAINcLOWd2019-06-19eDonationo297.29 غ ل وp000047952r2025-07-15 00:00:00xDonation from Dr. Noha GamalyBB